00777 a2200217 45000010006000000050017000060080041000230030015000640400040000790800053001192450050001720200018002222640068002403000024003085050124003321000032004567000024004887000016005127000015005287000016005432693520260407155547.0260407a1987 arg spa dAR-UNSa-BCEJYS aAR-UNSa-BCEJYSbspacAR-UNSa-BCEJYS a711(09)(460)xHistoria del Urbanismo en España10aResumen histórico del urbanismo en España a84-7088-449-2 1aMadrid :bInstituto de Estudios de Administración Localc1987 axvi, 289 p.c24 cm. a1. La edad antigua - 2. La edad media - 3. La época de los Austrias - 4. Le époco de los borbones - 5. El siglo XIX1 aGarcía y Bellido, Antonio1 aTorres Balbás, L.1 aCervera, L.1 aChueca, F.1 aBidagor, P.